| 000 | 00678nam a2200181 a 4500 | ||
|---|---|---|---|
| 005 | 20240426063737.0 | ||
| 008 | 991125s1976 ug 000 0 spa u | ||
| 035 | _aUPN01000000511 | ||
| 049 | _aCG | ||
| 050 | 4 |
_aHV703 _bI5.2 1976 |
|
| 110 | 2 |
_aInstituto Interamericano del Niño _928943 |
|
| 245 | 1 | 0 |
_aActividad desarrollada por el Instituto Interamericano del Niño durante los últimos doce años 1964-1976 / _cInstituto Interamericano del Niño. |
| 260 |
_aMontevideo : _bInstituto Interamericano del Niño, _c1976. |
||
| 300 |
_a92 p. : _bil. |
||
| 610 | 2 | 4 |
_aINSTITUTO INTERAMERICANO DEL NIÑO _928943 |
| 650 | 4 |
_aNiños _xBeneficencia, protección, etc. _925 |
|
| 905 | _aLibro | ||
| 999 |
_c511 _d511 |
||